Les parcs d'attractions les plus fréquentés au monde - Statistiques

Statistiques générales
  • Ce quiz a été pris 76 fois
  • Le résultat moyen est 5 sur 25
Statistiques - réponses
Nombre de visiteurs en 2017 Pays Parc % Correct
5 700 000 Allemagne Europa-Park - Europa-Park Resort
87%
20 450 000 Etats-Unis Magic Kingdom - Walt Disney World Resort
36%
12 200 000 Etats-Unis Epcot - Walt Disney World Resort
28%
6 200 000 Hong Kong Hong Kong Disneyland - Hong Kong Disneyland Resort
28%
9 660 000 France Disneyland Park - Disneyland Paris
26%
18 300 000 Etats-Unis Disneyland Park - Disneyland Resort
26%
12 500 000 Etats-Unis Disney's Animal Kingdom - Walt Disney World Resort
26%
16 600 000 Japon Tokyo Disneyland - Tokyo Disney Resort
26%
5 200 000 France Walt Disney Studios Park - Disneyland Paris
26%
5 180 000 Pays-Bas Efteling
25%
13 500 000 Japon Tokyo DisneySea - Tokyo Disney Resort
22%
10 722 000 Etats-Unis Disney's Hollywood Studios - Walt Disney World Resort
20%
11 000 000 Chine Shanghai Disneyland Park - Shanghai Disney Resort
17%
14 935 000 Japon Universal Studios Japan
16%
4 640 000 Danemark Tivoli Gardens
14%
9 056 000 Etats-Unis Universal Studios Hollywood
13%
9 549 000 Etats-Unis Universal's Islands of Adventure - Universal Orlando Resort
12%
10 198 000 Etats-Unis Universal Studios Florida - Universal Orlando Resort
12%
6 714 000 Corée du Sud Lotte World
10%
4 220 000 Singapour Universal Studios Singapore
10%
6 310 000 Corée du Sud Everland
6%
5 930 000 Japon Nagashima Spa Land
6%
9 574 000 Etats-Unis Disney California Adventure Park - Disneyland Resort
4%
5 800 000 Hong Kong Ocean Park Hong Kong
4%
9 788 000 Chine Chimelong Ocean Kingdom
3%
Aucun quiz correspondant
Distribution des résultats
% des personnes avec chaque résultat
Percentile par nombre de réponses
Votre historique - résultats
Vous n’avez pas pris ce quiz